000
00279nam a22001337a 4500
008
180119b xxu||||| |||| 00| 0 eng d
020
_a
9781603592178
041
_a
eng
080
_a
610
100
_a
4
101
_a
SHM
245
_a
CPT 2011
_c
Abraham, M.A
942
_2
udc
_c
BK
999
_c
40569
_d
40569